00528nam a2200157 4500001000700000003000900007007000300016008004100019100002800060245005200088260004400140300002800184852002000212999001900232952011900251149120ES-MaACLt|070214s1916 xxk r ||||1| eng d1 aSymons, Arthur.910897210aFigures of several centuries / cArthur Symons. aLondon : bT. and A, Constable, c1916. aVIII, 398 p. ; c22 cm. aES-MaACLjC-820 c149120d149120 00104070aATENEOMbATENEOMcSPALd2008-01-17eSCl0oC-820p1155610r2023-02-23 00:00:00w2023-02-23yMONOGRAFIA